Normal view MARC view

Entry Personal Name

Number of records used in: 1

001 - CONTROL NUMBER

  • control field: 9577

003 - CONTROL NUMBER IDENTIFIER

  • control field: DLC

005 - DATE AND TIME OF LATEST TRANSACTION

  • control field: 20230923141814.0

008 - FIXED-LENGTH DATA ELEMENTS

  • fixed length control field: 090911n| acannaabn |n aaa

010 ## - LIBRARY OF CONGRESS CONTROL NUMBER

  • LC control number: n 2009057725

040 ## - CATALOGING SOURCE

  • Original cataloging agency: DLC
  • Language of cataloging: eng
  • Transcribing agency: DLC

100 1# - HEADING--PERSONAL NAME

  • Personal name: Pivato, Marcus,
  • Dates associated with a name: 1974-

670 ## - SOURCE DATA FOUND

  • Source citation: Pivato, Marcus. Linear partial differential equations and fourier theory, 2010:
  • Information found: eCIP t.p. (Marcus Pivato, Trent University) data view (Mar. 18, 1974)

Powered by Koha